| 000 | 01402nam a22003737a 4500 | ||
|---|---|---|---|
| 003 | CHAP | ||
| 005 | 20220817044252.0 | ||
| 008 | 110124s2010 fr a r 00010 fre d | ||
| 010 | _a96198 | ||
| 011 | _a97170 | ||
| 020 | _a9789252063681 | ||
| 035 | _a107833 | ||
| 040 | _cCHAP | ||
| 082 | 0 | 4 |
_a338.9 _bF21f |
| 110 | 2 | _aFAO | |
| 245 | 1 | 0 |
_aRenforcement des capacités en matière de prévention des risques biotechnologiques: _bExpériences et perspectives de la FAO. Aperçu de l'experiénce acquise par les projets de renforcement des capacités en matière de prévention des risques biotechnologiques et de biosécurité de la FAO _c/por Alessandra Sensi ... [et al.] |
| 260 |
_aRome : _bFAO, _c2010 |
||
| 300 |
_aix, 53 p. : _bilus. |
||
| 590 |
_aBATCH-UPD _b10 _c20130110 _lUCH01 _h1031 |
||
| 590 |
_aBATCH-UPD _b10 _c20130410 _lUCH01 _h0634 |
||
| 590 |
_aBATCH-UPD _b10 _c20130913 _lUCH01 _h2100 |
||
| 590 |
_aCONVERSION _b10 _c20130109 _lUCH01 _h1353 |
||
| 650 | 1 | 4 |
_aAgricultura _xFinanzas. _91486 |
| 650 | 1 | 4 |
_aBiodiversidad. _912724 |
| 650 | 1 | 4 |
_aBiotecnología. _912878 |
| 650 | 1 | 4 |
_aComunicación _926206 |
| 650 | 1 | 4 |
_aParticipación ciudadana _985800 |
| 650 | 1 | 4 |
_aProyectos de desarrollo. _992528 |
| 700 | 1 |
_aSensi, Alessandra _9104425 |
|
| 901 | _aBK | ||
| 911 | _aen proceso | ||
| 942 | _cLIBRO | ||
| 949 |
_a338.9 F21f _bBC _cFAO _d33724002232868 _eFAO1 _gDonaciØn _h114080 _i107833 _sb |
||
| 999 |
_c96198 _d96198 |
||